| 000 | 00477nam a2200169Ia 4500 | ||
|---|---|---|---|
| 005 | 20250326130642.0 | ||
| 008 | 250326s9999 xx 000 0 und d | ||
| 037 | _aTextbook | ||
| 040 |
_aFMSL _beng _cFMSL |
||
| 041 |
_aeng _2eng |
||
| 084 |
_aX:8D P7 _qFMSL |
||
| 100 |
_aFratianni M Andothers _9741050 |
||
| 245 | 0 |
_aFicing development _cFratianni M Andothers |
|
| 260 |
_aEngland _bEngland, Ashgate _c2007 |
||
| 942 |
_cTB _hX:8D P7 |
||
| 999 |
_c1283491 _d1283491 |
||